[Event "ODEM U25A 2011"]
[Site "Oberhof GER"]
[Date "2011.06.15"]
[Round "6"]
[White "ten Hagen, Yorick"]
[Black "Gölz, Daniel"]
[Result "0-1"]
[Termination "normal"]
[Board "1"]
[WhiteElo "2197"]
[BlackElo "2103"]
[PlyCount "38"]
[WhiteFideId "1020072"]
[BlackFideId "24626325"]
[EventCountry "GER"]
[EventRounds "9"]
[EventType "swiss"]
[EventDate "2011.06.11"]

1. e4 c5 2. Nc3 e6 3. Nf3 Nc6 4. Bb5 a6 5. Bxc6 bxc6 6. e5 f6 7. d4 cxd4 8.
Qxd4 fxe5 9. Nxe5 Nf6 10. Bg5 Be7 11. O-O-O O-O 12. Qh4 Qc7 13. Rhe1 d6 14. Re3
dxe5 15. Rh3 Rf7 16. Rdd3 g6 17. Rdf3 Qd8 18. Kb1 e4 19. Rfg3 e5 0-1

[Event "ODEM U25A 2011"]
[Site "Oberhof GER"]
[Date "2011.06.15"]
[Round "6"]
[White "Nötzel, Felix"]
[Black "Mazarov, Jürgen"]
[Result "0-1"]
[Termination "normal"]
[Board "2"]
[WhiteElo "2042"]
[BlackElo "2153"]
[PlyCount "84"]
[WhiteFideId "24637416"]
[BlackFideId "24617768"]
[EventCountry "GER"]
[EventRounds "9"]
[EventType "swiss"]
[EventDate "2011.06.11"]

1. e4 c5 2. d4 cxd4 3. c3 Nf6 4. e5 Nd5 5. Nf3 d6 6. exd6 e6 7. cxd4 Qxd6 8.
Nc3 Nxc3 9. bxc3 Nc6 10. Bd3 g6 11. O-O Bg7 12. a4 Ne7 13. Ba3 Qc7 14. Rc1 O-O
15. Re1 Rd8 16. Qb3 Nf5 17. Ne5 b6 18. Bc4 Nd6 19. Bxd6 Qxd6 20. Re3 Bh6 21.
Rce1 Bxe3 22. Rxe3 Rb8 23. Qa2 Rb7 24. Qd2 Rc7 25. Bd3 Qa3 26. Bf1 Qf8 27. Rh3
f6 28. Nf3 e5 29. Rg3 exd4 30. Nxd4 Qf7 31. Qf4 Rc5 32. h4 Kh8 33. Bd3 Bd7 34.
Rf3 Re8 35. Qd6 Qe7 36. Qf4 Rxc3 37. Qh6 Qe1+ 38. Kh2 Qe5+ 39. g3 f5 40. Nxf5
Bxf5 41. Re3 Qxe3 42. fxe3 Rxd3 0-1

[Event "ODEM U25A 2011"]
[Site "Oberhof GER"]
[Date "2011.06.15"]
[Round "6"]
[White "Baier, Christoph"]
[Black "Höpfner, Tim"]
[Result "0-1"]
[Termination "normal"]
[Board "4"]
[WhiteElo "1898"]
[BlackElo "1936"]
[PlyCount "70"]
[WhiteFideId "24655759"]
[BlackFideId "4638310"]
[EventCountry "GER"]
[EventRounds "9"]
[EventType "swiss"]
[EventDate "2011.06.11"]

1. d4 Nf6 2. c4 c5 3. d5 b5 4. cxb5 a6 5. bxa6 Bxa6 6. g3 d6 7. Bg2 g6 8. b3
Bg7 9. Bb2 O-O 10. Nh3 Nbd7 11. O-O Qb6 12. Na3 Rfb8 13. Re1 Qb4 14. Nc2 Qb7
15. e4 Nb6 16. Nf4 Nfxd5 17. Bxg7 Nxf4 18. Bc3 Nxg2 19. Kxg2 f5 20. Kg1 fxe4
21. Qg4 Rf8 22. Qe6+ Rf7 23. Ne3 Qc8 24. Qg4 d5 25. Ba5 d4 26. Bxb6 Qc6 27. Nd5
e3 28. fxe3 Qxd5 29. b4 dxe3 30. Rxe3 Bb7 31. Qe4 Qxe4 32. Rxe4 Bxe4 33. Bxc5
Bd5 34. a4 Bc6 35. a5 Bb5 0-1

[Event "ODEM U25A 2011"]
[Site "Oberhof GER"]
[Date "2011.06.15"]
[Round "6"]
[White "Münch, Robert"]
[Black "Figura, Atila Gajo"]
[Result "0-1"]
[Termination "normal"]
[Board "5"]
[BlackTitle "FM"]
[WhiteElo "1908"]
[BlackElo "2364"]
[PlyCount "46"]
[WhiteFideId "4626028"]
[BlackFideId "4688058"]
[EventCountry "GER"]
[EventRounds "9"]
[EventType "swiss"]
[EventDate "2011.06.11"]

1. e4 c5 2. Nf3 a6 3. d4 cxd4 4. Nxd4 Nf6 5. Nc3 e5 6. Nb3 Bb4 7. Qf3 d5 8.
exd5 Qxd5 9. Qe3 O-O 10. Bd2 Qc6 11. Be2 Qc7 12. O-O Nc6 13. Ne4 Nd5 14. Qg3
Bxd2 15. Nbxd2 Nf4 16. Bd1 Rd8 17. Qh4 f5 18. Ng5 h6 19. Ngf3 e4 20. c3 exf3
21. Nxf3 Be6 22. Bc2 Bd5 23. Bxf5 Rf8 0-1

[Event "ODEM U25A 2011"]
[Site "Oberhof GER"]
[Date "2011.06.15"]
[Round "6"]
[White "Siebarth, Marco"]
[Black "von Meijenfeldt, Bart"]
[Result "0-1"]
[Termination "normal"]
[Board "6"]
[WhiteElo "2034"]
[BlackElo "2149"]
[PlyCount "76"]
[WhiteFideId "24604330"]
[BlackFideId "1032259"]
[EventCountry "GER"]
[EventRounds "9"]
[EventType "swiss"]
[EventDate "2011.06.11"]

1. e4 c5 2. Nf3 d6 3. d4 cxd4 4. Nxd4 Nf6 5. Nc3 a6 6. Bg5 Nbd7 7. f4 Qc7 8.
Qf3 h6 9. Bxf6 Nxf6 10. h3 e5 11. Nb3 d5 12. exd5 Bb4 13. O-O-O Bxc3 14. bxc3
e4 15. Qe3 O-O 16. Rd4 Rd8 17. c4 b5 18. Be2 Bb7 19. Rhd1 bxc4 20. Bxc4 Rac8
21. Kb2 a5 22. a4 Rxd5 23. c3 Rxd4 24. Rxd4 Bc6 25. Bb5 Nd5 26. Qxe4 Bxb5 27.
axb5 Qxc3+ 28. Ka3 Ne3 29. Qd3 Nc2+ 30. Ka4 Nxd4 31. Qxc3 Rxc3 32. Nxd4 Rc4+
33. Kxa5 Rxd4 34. b6 Rd2 35. b7 Rb2 36. Ka6 h5 37. g4 f5 38. gxh5 Kh7 0-1

[Event "ODEM U25A 2011"]
[Site "Oberhof GER"]
[Date "2011.06.15"]
[Round "6"]
[White "Grigoryeva, Olga"]
[Black "Adelhütte, Dennis"]
[Result "1/2-1/2"]
[Termination "normal"]
[Board "7"]
[WhiteElo "2087"]
[BlackElo "2003"]
[PlyCount "58"]
[WhiteFideId "24132594"]
[BlackFideId "4661265"]
[EventCountry "GER"]
[EventRounds "9"]
[EventType "swiss"]
[EventDate "2011.06.11"]

1. d4 Nf6 2. c4 g6 3. f3 Nc6 4. e4 e5 5. d5 Nd4 6. Ne2 Bc5 7. Nxd4 Bxd4 8. Nd2
d6 9. Nb3 Bb6 10. Bg5 h6 11. Bh4 g5 12. Bf2 Bxf2+ 13. Kxf2 g4 14. Be2 gxf3 15.
Bxf3 Ng4+ 16. Bxg4 Qh4+ 17. g3 Qxg4 18. Qxg4 Bxg4 19. c5 O-O-O 20. Ke3 Rhf8 21.
h3 Bd7 22. cxd6 cxd6 23. g4 h5 24. Kf3 Rg8 25. Rag1 Rg5 26. Rg2 Rh8 27. Rc1+
Kb8 28. Rcg1 hxg4+ 29. hxg4 Rh3+ 1/2-1/2

[Event "ODEM U25A 2011"]
[Site "Oberhof GER"]
[Date "2011.06.15"]
[Round "6"]
[White "Zuferi, Enis"]
[Black "van gen Hassend, Max"]
[Result "1/2-1/2"]
[Termination "normal"]
[Board "8"]
[WhiteElo "2009"]
[BlackElo "1988"]
[PlyCount "91"]
[WhiteFideId "24692530"]
[BlackFideId "12934569"]
[EventCountry "GER"]
[EventRounds "9"]
[EventType "swiss"]
[EventDate "2011.06.11"]

1. e4 c5 2. b4 cxb4 3. a3 e5 4. Nf3 Nc6 5. Bc4 Nf6 6. Qe2 Bc5 7. O-O O-O 8. Bb2
Re8 9. axb4 Bxb4 10. Ng5 d5 11. exd5 Nxd5 12. Qh5 Be6 13. Qxh7+ Kf8 14. Qh8+
Ke7 15. Qxg7 Rg8 16. Nxe6 Rxg7 17. Nxd8 Rxd8 18. Bxd5 Rxd5 19. Ba3 a6 20. Bxb4+
Nxb4 21. Ra4 Nxc2 22. Rc4 Nd4 23. Nc3 Rd7 24. Rc5 f6 25. f4 b6 26. fxe5 f5 27.
Rc8 b5 28. Rb8 Nc6 29. Rb6 Rxd2 30. Rb7+ Rd7 31. Rxd7+ Kxd7 32. Rxf5 Re7 33.
Ne4 Ke6 34. Rf6+ Kxe5 35. Rxc6 Kxe4 36. Rxa6 Rb7 37. Kf2 Kd3 38. g4 b4 39. h4
b3 40. Ra3 Ke4 41. Ra4+ Kd3 42. Ra1 b2 43. Rb1 Ke4 44. g5 Kf5 45. Ke2 Rb4 46.
Kd2 1/2-1/2

[Event "ODEM U25A 2011"]
[Site "Oberhof GER"]
[Date "2011.06.15"]
[Round "6"]
[White "Weber, Max"]
[Black "Müller, Philipp"]
[Result "1-0"]
[Termination "normal"]
[Board "9"]
[WhiteElo "2023"]
[BlackElo "2035"]
[PlyCount "35"]
[WhiteFideId "4624831"]
[BlackFideId "24683701"]
[EventCountry "GER"]
[EventRounds "9"]
[EventType "swiss"]
[EventDate "2011.06.11"]

1. d4 d5 2. c4 c6 3. Nf3 dxc4 4. e3 Be6 5. Qc2 Na6 6. Bd2 Qb6 7. Ng5 Nb4 8.
Bxb4 Qxb4+ 9. Nd2 Bg4 10. Bxc4 e6 11. Nxf7 Kxf7 12. h3 Bxh3 13. Rxh3 Nf6 14.
O-O-O Bd6 15. Nf3 h6 16. Nh4 Rhe8 17. Rf3 Be7 18. Qg6+ 1-0

[Event "ODEM U25A 2011"]
[Site "Oberhof GER"]
[Date "2011.06.15"]
[Round "6"]
[White "Wisheckel, Lena"]
[Black "Schirrmacher, Carsten"]
[Result "1-0"]
[Termination "normal"]
[Board "10"]
[WhiteElo "1760"]
[BlackElo "2067"]
[PlyCount "133"]
[WhiteFideId "24691992"]
[BlackFideId "24610445"]
[EventCountry "GER"]
[EventRounds "9"]
[EventType "swiss"]
[EventDate "2011.06.11"]

1. e4 e5 2. Nf3 Nc6 3. d4 exd4 4. Nxd4 Nf6 5. Nxc6 bxc6 6. e5 Qe7 7. Qe2 Nd5 8.
c4 Nb6 9. b3 Bb7 10. Bb2 O-O-O 11. Nd2 Qe6 12. O-O-O Bb4 13. Qe3 Qe7 14. Kc2
Rhe8 15. Bd3 d6 16. Qh3+ Kb8 17. exd6 Qxd6 18. Qg3 g6 19. Ne4 Qxg3 20. hxg3 h5
21. Nf6 Re6 22. g4 Be7 23. g5 c5 24. Rhe1 Bxg2 25. Rxe6 fxe6 26. Bxg6 Rxd1 27.
Kxd1 h4 28. Be5 Bd6 29. Bxd6 cxd6 30. Kd2 h3 31. Ng4 Nd7 32. Bc2 Bf3 33. Nh2
Bc6 34. g6 Nf6 35. g7 Be8 36. Ng4 Ng8 37. Ke3 Kc7 38. Bh7 Bf7 39. Kf3 Ne7 40.
Nf6 Kd8 41. g8=Q+ Bxg8 42. Nxg8 Nc6 43. Nf6 Ke7 44. Ne4 a5 45. Nc3 Kf6 46. Be4
Ne7 47. Kg3 Ke5 48. Bh1 d5 49. cxd5 exd5 50. Nxd5 Nxd5 51. Bxd5 Kxd5 52. Kxh3
a4 53. f4 Kd4 54. f5 axb3 55. axb3 Kc3 56. f6 Kxb3 57. f7 c4 58. f8=Q c3 59.
Qf4 Kb2 60. Qb4+ Kc2 61. Kg2 Kd3 62. Qb1+ Kd2 63. Kf2 c2 64. Qe1+ Kd3 65. Qc1
Kc3 66. Ke3 Kb3 67. Kd3 1-0

[Event "ODEM U25A 2011"]
[Site "Oberhof GER"]
[Date "2011.06.15"]
[Round "6"]
[White "Pererva, Viktor"]
[Black "Wurm, Alexander"]
[Result "1-0"]
[Termination "normal"]
[Board "11"]
[WhiteElo "1956"]
[BlackElo "2062"]
[PlyCount "111"]
[WhiteFideId "24696463"]
[BlackFideId "24637246"]
[EventCountry "GER"]
[EventRounds "9"]
[EventType "swiss"]
[EventDate "2011.06.11"]

1. e4 e6 2. Nf3 d5 3. Nc3 Nf6 4. e5 Nfd7 5. d4 c5 6. dxc5 Nc6 7. Bf4 Bxc5 8.
Bd3 f6 9. exf6 Nxf6 10. O-O O-O 11. Bg3 Bd6 12. Re1 Bxg3 13. hxg3 Qd6 14. Qe2
a6 15. Ne5 Nxe5 16. Qxe5 Qxe5 17. Rxe5 Ng4 18. Re2 Bd7 19. f3 Nh6 20. g4 Nf7
21. Rae1 Rac8 22. f4 Rc5 23. g5 Nd6 24. Rf2 b5 25. g4 a5 26. Kg2 Nc4 27. Nd1 b4
28. Kg3 g6 29. Rh2 Rf7 30. Reh1 Rg7 31. Re1 Nd6 32. Rhe2 Rf7 33. Nf2 a4 34. Nh3
Nc4 35. b3 axb3 36. axb3 Nd6 37. Ng1 Rc3 38. Re3 Bb5 39. Ne2 Bxd3 40. Nxc3 Bxc2
41. Ne2 Ne4+ 42. Kg2 Nc5 43. Nd4 Be4+ 44. Kg3 Nd3 45. Rxd3 Bxd3 46. Rxe6 Rc7
47. Rb6 Rc3 48. Kf2 Bc2 49. Rxb4 Bd1 50. f5 Bxg4 51. f6 Rd3 52. Nc6 Rd2+ 53.
Kg3 Bd1 54. Rb8+ Kf7 55. Ne5+ Ke6 56. Re8+ 1-0

[Event "ODEM U25A 2011"]
[Site "Oberhof GER"]
[Date "2011.06.15"]
[Round "6"]
[White "Fichtner, Ewald"]
[Black "Diller, Daniel"]
[Result "1-0"]
[Termination "normal"]
[Board "12"]
[WhiteElo "1991"]
[BlackElo "1779"]
[PlyCount "57"]
[WhiteFideId "1270194"]
[BlackFideId "12908983"]
[EventCountry "GER"]
[EventRounds "9"]
[EventType "swiss"]
[EventDate "2011.06.11"]

1. d4 d5 2. Bf4 Nf6 3. e3 e6 4. Nd2 Bd6 5. Bg3 O-O 6. Ngf3 b6 7. Bd3 Bb7 8. Ne5
Nbd7 9. O-O Qe7 10. f4 Ne4 11. Nxe4 dxe4 12. Bb5 Bxe5 13. fxe5 c6 14. Ba4 b5
15. Bb3 c5 16. c3 c4 17. Bc2 f5 18. exf6 gxf6 19. Qg4+ Kh8 20. Qh4 Nb6 21. Bxe4
Bxe4 22. Qxe4 Nd5 23. Qf3 a5 24. e4 Nb6 25. Bh4 Nd7 26. e5 Kg8 27. Qg4+ Kh8 28.
Qf3 Kg7 29. Rf2 1-0

[Event "ODEM U25A 2011"]
[Site "Oberhof GER"]
[Date "2011.06.15"]
[Round "6"]
[White "Bach, Jannik"]
[Black "Tomaszewska, Luiza"]
[Result "0-1"]
[Termination "normal"]
[Board "13"]
[WhiteElo "1772"]
[BlackElo "1994"]
[PlyCount "56"]
[WhiteFideId "24615900"]
[BlackFideId "1171089"]
[EventCountry "GER"]
[EventRounds "9"]
[EventType "swiss"]
[EventDate "2011.06.11"]

1. e4 c5 2. Nf3 d6 3. d4 cxd4 4. Nxd4 Nf6 5. Nc3 a6 6. h3 g6 7. Bc4 Bg7 8. Bb3
O-O 9. O-O b5 10. Re1 Bb7 11. a4 b4 12. Nd5 e6 13. Nxf6+ Bxf6 14. Bh6 Re8 15.
Qd2 Qa5 16. Rad1 Nd7 17. Nxe6 fxe6 18. Qxd6 Nc5 19. Qf4 Bxb2 20. Re3 Bxe4 21.
Rxe4 Nxe4 22. Qxe4 Qh5 23. Bxe6+ Kh8 24. Rd6 Qxh6 25. Qxb4 Qc1+ 26. Kh2 Be5+
27. g3 Qxc2 28. Qb6 Qb2 0-1

[Event "ODEM U25A 2011"]
[Site "Oberhof GER"]
[Date "2011.06.15"]
[Round "6"]
[White "Ehlers, Michael"]
[Black "Zimmer, Ketsarin"]
[Result "0-1"]
[Termination "normal"]
[Board "14"]
[WhiteElo "1932"]
[BlackElo "1748"]
[PlyCount "90"]
[WhiteFideId "4674537"]
[BlackFideId "4696182"]
[EventCountry "GER"]
[EventRounds "9"]
[EventType "swiss"]
[EventDate "2011.06.11"]

1. e4 c5 2. Nf3 d6 3. d4 cxd4 4. Qxd4 Nc6 5. Bb5 a6 6. Bxc6+ bxc6 7. O-O e5 8.
Qc4 Qc7 9. Ng5 h6 10. Nxf7 d5 11. exd5 Kxf7 12. d6+ Be6 13. Qxe6+ Kxe6 14. dxc7
Bd6 15. f4 Bxc7 16. Nc3 exf4 17. Bxf4 Bb6+ 18. Kh1 Nf6 19. Rae1+ Kd7 20. Rd1+
Ke7 21. Bd6+ Ke6 22. Rfe1+ Kf5 23. Na4 Ba7 24. Re7 Kg6 25. Rd3 Rhd8 26. Nc3 Ng4
27. Bg3 Rxd3 28. cxd3 Rf8 29. Re1 Bf2 30. Rf1 Re8 31. Ne4 Bxg3 32. hxg3 Rd8 33.
Rd1 Rd4 34. Kg1 Ne5 35. Nc5 a5 36. Kf1 Nc4 37. Ke2 Nxb2 38. Rb1 Rd5 39. Nb3
Nxd3 40. Nxa5 Rxa5 41. Kxd3 Rxa2 42. Rg1 Kg5 43. Kc4 Kg4 44. Kb3 Rf2 45. Rc1
Rxg2 0-1

[Event "ODEM U25A 2011"]
[Site "Oberhof GER"]
[Date "2011.06.15"]
[Round "6"]
[White "Stövesand, Peter"]
[Black "Kieslich, Aaron"]
[Result "0-1"]
[Termination "normal"]
[Board "15"]
[WhiteElo "1563"]
[BlackElo "1815"]
[PlyCount "58"]
[WhiteFideId "1270624"]
[BlackFideId "1270391"]
[EventCountry "GER"]
[EventRounds "9"]
[EventType "swiss"]
[EventDate "2011.06.11"]

1. e4 c5 2. Nf3 d6 3. d4 cxd4 4. Nxd4 Nf6 5. Nc3 a6 6. Bg5 e6 7. f4 Be7 8. Qf3
Qc7 9. O-O-O Nbd7 10. g4 b5 11. Bxf6 Nxf6 12. g5 Nd7 13. f5 Bxg5+ 14. Kb1 Ne5
15. Qh5 Qd8 16. Nxe6 Bxe6 17. fxe6 O-O 18. h4 Bf6 19. Bh3 Kh8 20. Nd5 g6 21.
Qe2 Nc4 22. e5 Nxe5 23. Nxf6 Qxf6 24. Rxd6 Nc4 25. c3 Nxd6 26. Rf1 Nf5 27. h5
Qxe6 28. Qd3 Rad8 29. Qc2 Ne3 0-1

[Event "ODEM U25A 2011"]
[Site "Oberhof GER"]
[Date "2011.06.15"]
[Round "6"]
[White "Bivol, Alina"]
[Black "Mann, Johannes"]
[Result "1/2-1/2"]
[Termination "normal"]
[Board "16"]
[WhiteElo "2137"]
[BlackElo "1785"]
[PlyCount "88"]
[WhiteFideId "4100123"]
[BlackFideId "24691380"]
[EventCountry "GER"]
[EventRounds "9"]
[EventType "swiss"]
[EventDate "2011.06.11"]

1. e4 d6 2. d4 Nf6 3. Nc3 g6 4. Bg5 Bg7 5. e5 dxe5 6. dxe5 Nfd7 7. e6 fxe6 8.
Qe2 Ne5 9. f4 Nf7 10. Ne4 Nc6 11. Rd1 Nd6 12. c3 Bd7 13. Nc5 e5 14. fxe5 Nxe5
15. Nf3 Nc6 16. Qc2 Bf6 17. Bb5 Rb8 18. O-O O-O 19. Bc4+ Kh8 20. Be6 Bc8 21.
Bh6 Bg7 22. Bxg7+ Kxg7 23. Ng5 Rf6 24. Nf7 Qe8 25. Rxf6 exf6 26. Nxd6 cxd6 27.
Rxd6 Bxe6 28. Nxe6+ Kh8 29. Qd2 Ne5 30. Qd4 b6 31. h3 Qe7 32. Nf4 Re8 33. a4 g5
34. Re6 Qf7 35. Rxe8+ Qxe8 36. Nd5 Qe6 37. c4 Qc6 38. b3 Qe6 39. Ne3 Qe7 40.
Nf5 Qd7 41. Qd6 Qxd6 42. Nxd6 a5 43. Ne4 Kg7 44. Kf2 Kf7 1/2-1/2

[Event "ODEM U25A 2011"]
[Site "Oberhof GER"]
[Date "2011.06.15"]
[Round "6"]
[White "Berger, Manuel"]
[Black "Humburg, Philipp"]
[Result "1/2-1/2"]
[Termination "normal"]
[Board "18"]
[WhiteElo "1924"]
[BlackElo "1672"]
[PlyCount "75"]
[WhiteFideId "24692506"]
[BlackFideId "24656151"]
[EventCountry "GER"]
[EventRounds "9"]
[EventType "swiss"]
[EventDate "2011.06.11"]

1. e4 c5 2. Nf3 e6 3. d4 cxd4 4. Nxd4 a6 5. Nc3 Bb4 6. Bd2 Nc6 7. Nb3 Nf6 8. f3
O-O 9. Be2 Qc7 10. Bd3 Rd8 11. Qe2 d5 12. exd5 Nxd5 13. Nxd5 Rxd5 14. O-O-O a5
15. Be4 Bxd2+ 16. Rxd2 Rxd2 17. Qxd2 e5 18. Rd1 Be6 19. Bxc6 bxc6 20. Qd6 Qxd6
21. Rxd6 Bd5 22. Nxa5 g6 23. b4 e4 24. c4 exf3 25. gxf3 Bxf3 26. Kb2 Kg7 27.
Nxc6 Bxc6 28. Rxc6 f5 29. Rc7+ Kf6 30. Rxh7 f4 31. a3 g5 32. Rh6+ Kf5 33. Rh3
g4 34. Rd3 Ke4 35. Kc2 f3 36. Kd2 f2 37. Re3+ Kd4 38. Rd3+ 1/2-1/2

[Event "ODEM U25A 2011"]
[Site "Oberhof GER"]
[Date "2011.06.15"]
[Round "6"]
[White "Stark, Timo"]
[Black "Gefnider, Andreas"]
[Result "1-0"]
[Termination "normal"]
[Board "19"]
[WhiteElo "1842"]
[BlackElo "1697"]
[PlyCount "73"]
[WhiteFideId "4670183"]
[BlackFideId "12900176"]
[EventCountry "GER"]
[EventRounds "9"]
[EventType "swiss"]
[EventDate "2011.06.11"]

1. e4 e5 2. Bc4 Nf6 3. Nf3 Nc6 4. d3 Bc5 5. c3 d6 6. b4 Bb6 7. a4 a6 8. Qb3 O-O
9. Bg5 Qe7 10. O-O Be6 11. Nbd2 Rad8 12. a5 Ba7 13. Rfb1 h6 14. Bh4 g5 15. Bg3
d5 16. exd5 Bxd5 17. b5 axb5 18. Qxb5 Bxc4 19. Qxc4 Rd5 20. Nb3 Rfd8 21. a6
Rxd3 22. axb7 Qd6 23. h3 Nd7 24. Na5 Nxa5 25. Rxa5 Bb6 26. Ra8 Nb8 27. Nxe5
Bxf2+ 28. Kxf2 Qf6+ 29. Nf3 Rxc3 30. Qe4 Rd2+ 31. Kg1 Qd8 32. Nxd2 Rxg3 33. Re1
Qxd2 34. Rxb8+ Kg7 35. Rg8+ Kxg8 36. b8=Q+ Kg7 37. Qe5+ 1-0

[Event "ODEM U25A 2011"]
[Site "Oberhof GER"]
[Date "2011.06.15"]
[Round "6"]
[White "Nehls, Benedikt"]
[Black "Schirra, Felix"]
[Result "1-0"]
[Termination "normal"]
[Board "20"]
[WhiteElo "1894"]
[BlackElo "1634"]
[PlyCount "83"]
[WhiteFideId "24656771"]
[BlackFideId "24692662"]
[EventCountry "GER"]
[EventRounds "9"]
[EventType "swiss"]
[EventDate "2011.06.11"]

1. Nf3 c5 2. c4 Nf6 3. Nc3 Nc6 4. g3 g6 5. Bg2 Bg7 6. O-O O-O 7. d3 a6 8. Rb1
Rb8 9. Be3 d6 10. a3 Bd7 11. b4 cxb4 12. axb4 Ng4 13. Bd2 Nge5 14. Nxe5 Nxe5
15. b5 Qc7 16. Nd5 Qd8 17. bxa6 bxa6 18. Rxb8 Qxb8 19. Nxe7+ Kh8 20. Qc2 Qa7
21. Be3 Qc7 22. Nd5 Qa5 23. Bd2 Qa4 24. Qxa4 Bxa4 25. Rb1 Bc6 26. Nc7 Bxg2 27.
Kxg2 h5 28. Nxa6 Nd7 29. Rb7 Ra8 30. Rxd7 Rxa6 31. Be3 Kg8 32. Bf4 Ra2 33. Kf3
Be5 34. Bxe5 dxe5 35. Rd5 f6 36. Rd7 g5 37. h3 f5 38. e3 f4 39. gxf4 exf4 40.
exf4 gxf4 41. Rd5 Rd2 42. c5 1-0

[Event "ODEM U25A 2011"]
[Site "Oberhof GER"]
[Date "2011.06.15"]
[Round "6"]
[White "Marx, Inga"]
[Black "Brodmann, Anton"]
[Result "1-0"]
[Termination "normal"]
[Board "21"]
[WhiteElo "1773"]
[BlackElo "1861"]
[PlyCount "59"]
[WhiteFideId "4654749"]
[BlackFideId "24655481"]
[EventCountry "GER"]
[EventRounds "9"]
[EventType "swiss"]
[EventDate "2011.06.11"]

1. e4 e6 2. d4 d5 3. e5 c5 4. c3 Nc6 5. Nf3 Qb6 6. a3 a5 7. Nbd2 f6 8. exf6
Nxf6 9. Nb3 cxd4 10. Nbxd4 Bc5 11. Bb5 O-O 12. Bxc6 bxc6 13. O-O Ba6 14. Re1
Rae8 15. b4 axb4 16. axb4 Bxd4 17. Qxd4 Qb7 18. Bf4 Ne4 19. Be5 Rf7 20. Ra3 c5
21. bxc5 Bc4 22. Ra4 Bb5 23. Rb4 Qc6 24. Reb1 Be2 25. Rb8 Ref8 26. Bxg7 Bxf3
27. Rxf8+ Rxf8 28. Bxf8 Kxf8 29. Qh8+ Kf7 30. Rb7+ 1-0

[Event "ODEM U25A 2011"]
[Site "Oberhof GER"]
[Date "2011.06.15"]
[Round "6"]
[White "Prosvetov, Ivan"]
[Black "Meulner, Fabian"]
[Result "1-0"]
[Termination "normal"]
[Board "22"]
[WhiteElo "2045"]
[BlackElo "1823"]
[PlyCount "45"]
[WhiteFideId "24123900"]
[BlackFideId "12913936"]
[EventCountry "GER"]
[EventRounds "9"]
[EventType "swiss"]
[EventDate "2011.06.11"]

1. Nf3 c5 2. d4 Nf6 3. c3 cxd4 4. cxd4 d5 5. Nc3 a6 6. Qb3 e6 7. Bg5 Be7 8. e3
Nc6 9. Rc1 O-O 10. Bd3 Na5 11. Qd1 Bd7 12. O-O Rc8 13. Ne5 h6 14. Bxf6 Bxf6 15.
f4 Nc6 16. Rf3 Nxe5 17. fxe5 Be7 18. Rg3 Kh8 19. Qg4 Rg8 20. Rf1 Be8 21. Rgf3
b5 22. Rxf7 b4 23. Qg6 1-0

[Event "ODEM U25A 2011"]
[Site "Oberhof GER"]
[Date "2011.06.15"]
[Round "6"]
[White "Wimmer, Martin"]
[Black "Hoffmann, Tim"]
[Result "1/2-1/2"]
[Termination "normal"]
[Board "24"]
[WhiteElo "1879"]
[BlackElo "1673"]
[PlyCount "67"]
[WhiteFideId "24683680"]
[BlackFideId "12900338"]
[EventCountry "GER"]
[EventRounds "9"]
[EventType "swiss"]
[EventDate "2011.06.11"]

1. e4 c5 2. Nf3 a6 3. d4 cxd4 4. Nxd4 Nf6 5. Nc3 Qc7 6. Be3 e6 7. a3 b5 8. Be2
b4 9. axb4 Bxb4 10. Ndb5 Qc6 11. Qd4 Bxc3+ 12. Nxc3 Bb7 13. Bf3 Qc7 14. O-O O-O
15. e5 Nc6 16. Bxc6 Qxc6 17. f3 Nd5 18. Nxd5 Qxd5 19. Qg4 f5 20. Qd4 Qxd4 21.
Bxd4 Rfc8 22. c3 Bd5 23. b4 Bc4 24. Rfd1 Bb5 25. Ra5 Kf7 26. Bc5 Rcb8 27. Rd4
Bc6 28. c4 Ke8 29. Kf2 Rc8 30. Bb6 Rcb8 31. c5 Bb5 32. Ke3 Ke7 33. Ra2 Rg8 34.
g4 1/2-1/2

[Event "ODEM U25A 2011"]
[Site "Oberhof GER"]
[Date "2011.06.15"]
[Round "6"]
[White "Orhan, Eda"]
[Black "Linnemann, Niklas"]
[Result "0-1"]
[Termination "normal"]
[Board "25"]
[WhiteElo "1759"]
[BlackElo "1847"]
[PlyCount "76"]
[WhiteFideId "24659258"]
[BlackFideId "24695645"]
[EventCountry "GER"]
[EventRounds "9"]
[EventType "swiss"]
[EventDate "2011.06.11"]

1. d4 Nf6 2. Nf3 g6 3. c4 Bg7 4. Nc3 d5 5. e3 O-O 6. Bd3 c5 7. b3 Nc6 8. cxd5
Nxd5 9. Nxd5 Qxd5 10. Bc4 Qd8 11. Bb2 Bg4 12. Be2 Qa5+ 13. Qd2 Qxd2+ 14. Kxd2
Rfd8 15. Rhd1 cxd4 16. Nxd4 Nxd4 17. exd4 Bxd4 18. Bxd4 Rxd4+ 19. Ke3 Rxd1 20.
Rxd1 Bxe2 21. Kxe2 Kf8 22. Rd7 Rb8 23. Ke3 Ke8 24. Rd2 Rd8 25. Rxd8+ Kxd8 26.
Kd4 Kc7 27. f4 Kd6 28. g4 f6 29. h3 e6 30. b4 b5 31. g5 fxg5 32. fxg5 e5+ 33.
Ke4 Ke6 34. h4 Kd6 35. a3 Ke6 36. Ke3 Kf5 37. Kf3 e4+ 38. Ke3 Ke5 0-1

[Event "ODEM U25A 2011"]
[Site "Oberhof GER"]
[Date "2011.06.15"]
[Round "6"]
[White "Winterholler, Christina"]
[Black "Shishkov, Mark"]
[Result "0-1"]
[Termination "normal"]
[Board "28"]
[WhiteElo "1669"]
[BlackElo "1987"]
[PlyCount "180"]
[WhiteFideId "24652105"]
[BlackFideId "12911682"]
[EventCountry "GER"]
[EventRounds "9"]
[EventType "swiss"]
[EventDate "2011.06.11"]

1. e4 c6 2. d4 d5 3. e5 Bf5 4. Nf3 e6 5. Be2 Nd7 6. O-O Ne7 7. Nh4 Bg6 8. Nxg6
hxg6 9. Nd2 c5 10. c3 Nc6 11. Nf3 Qb6 12. Rb1 Rc8 13. Be3 Be7 14. a3 cxd4 15.
cxd4 Na5 16. Bd3 a6 17. Qe2 Nb3 18. Bc2 O-O 19. Qd3 Na5 20. h4 Rfe8 21. h5 Nf8
22. h6 Nd7 23. Ng5 Bxg5 24. Bxg5 Rc4 25. Qh3 Nf8 26. hxg7 Nh7 27. Bd3 Qxd4 28.
Bxc4 Nxc4 29. Bf6 Nxe5 30. Kh1 Qf4 31. Bh4 Kxg7 32. Rfe1 Ng4 33. Qg3 Qf5 34. f3
Ngf6 35. Qe5 Qxe5 36. Rxe5 Rc8 37. Re2 Nh5 38. Be1 Nf4 39. Rd2 Nf8 40. Bg3 Nh5
41. Be5+ f6 42. g4 fxe5 43. gxh5 gxh5 44. Rg1+ Kf6 45. Rh2 Ke7 46. Rxh5 Kd6 47.
Rh8 d4 48. Rgg8 Rc1+ 49. Rg1 Rxg1+ 50. Kxg1 Nd7 51. Kf2 Nf6 52. Ke2 Nd5 53. Kd3
a5 54. Rd8+ Kc7 55. Re8 Kd7 56. Ra8 b6 57. Ke4 Kc7 58. Rh8 Kd6 59. Ra8 Nf6+ 60.
Kd3 Nd7 61. Rg8 b5 62. Ra8 a4 63. Rg8 Nc5+ 64. Kc2 Kd5 65. Rg5 Kd6 66. Rg8 Kc6
67. Rg5 Kd5 68. Rg8 Kc4 69. Rc8 Kd5 70. Rd8+ Kc4 71. Rc8 e4 72. fxe4 d3+ 73.
Kd2 Kd4 74. Rd8+ Kxe4 75. Rb8 Nb3+ 76. Kd1 Nd4 77. Kd2 e5 78. Re8 Nb3+ 79. Kd1
Kd4 80. Rd8+ Ke4 81. Re8 Kf4 82. Rf8+ Ke3 83. Re8 e4 84. Re7 d2 85. Re8 Kd3 86.
Rd8+ Nd4 87. Re8 e3 88. Re7 e2+ 89. Rxe2 Nxe2 90. b4 Nc3# 0-1